00830nam a22002411 450000100060000000300080000600500170001400800410003103500190007203500180009104000340010904100080014308200230015110000460017424500480022025000130026826000390028130000440032050000970036450400410046165100520050265100340055428095BD-RjUL20211209051234.0140329s1965 nyu b 001 0 eng d a(BD-RjUL)28176 a(OCoLC)884560 aDLCcOTifHdDLCdBD-RjULbeng aeng00a973.0202bKRU 19651 aKrout, John A.q(John Allen),d1896-1979.10aUnited States since 1865cby John A. Krout. a15th ed. aNew York :bBarnes & Noble,c1965. axviii, 279 p. :billus., maps.;c21 cm. aFirst ed. published in 1933 under title: An outline history of the United States since 1865. aBibliography: p. 259-266. and index. 0aUnited StatesxHistoryxOutlines, syllabi, etc. 0aUnited StatesxHistoryy1865-